| 000 | 00521nam a22001817a 4500 | ||
|---|---|---|---|
| 003 | OSt | ||
| 005 | 20240627084354.0 | ||
| 008 | 240627b |||||||| |||| 00| 0 eng d | ||
| 020 | _a0872204650 | ||
| 040 |
_aDWC- Main Lib _cOC |
||
| 082 | _aCirc. 171.3 Ar46 1999 | ||
| 100 | _aAristotle | ||
| 245 |
_aAristotle’s Nicomachean ethics / _cAristotle |
||
| 260 |
_aCambridge: _bHackett Publishing Company, _cc1999. |
||
| 300 |
_axxviii,360 pages : _billustrations ; _c24cm. |
||
| 650 | _a1. Ethics | ||
| 942 |
_2ddc _cBK-CIRC _n1 |
||
| 999 |
_c1536 _d1536 |
||